00556nam a2200217Ia 4500003000400000005001700004006001900021007000300040008004100043020001800084024001100102037001200113040002000125041001300145082001900158100002000177245006600197260005100263300001500314490000900329OSt20221006161005.0a|||||r|||| 00| 0 ta221006b |||||||| |||| 00| 0 eng d a9780824837129 a47,052 cTextual aEASLcEASLbeng 2engaeng aV495: 71e6, Q3 aPEARSON Richard 0aAncient ryukyu b An archaeogical study of island communities aHonolulubUniversity of Hawai'i Press c2013 a197p.ccm. v KEL